Lecciones sobre la teoría de las funciones esféricas / (Record no. 109196)

MARC details
000 -LEADER
campo de control de longitud fija 00906nam a2200229 i 4500
001 - NÚMERO DE CONTROL
campo de control 109196
003 - IDENTIFICADOR DE NÚMERO DE CONTROL
campo de control ES-MaACL
005 - FECHA Y HORA DE LA ÚLTIMA TRANSACCIÓN
campo de control 20250903025426.0
007 - CAMPO FIJO DE DESCRIPCIÓN FÍSICA--INFORMACIÓN GENERAL
campo de control de longitud fija t|
008 - DATOS DE LONGITUD FIJA--INFORMACIÓN GENERAL
campo de control de longitud fija 061121s1967 sp r ||||1| spa d
100 1# - ENTRADA PRINCIPAL--NOMBRE DE PERSONA
Nombre de persona Müller, Claus.
9 (RLIN) 165916
245 10 - MENCIÓN DEL TÍTULO
Título Lecciones sobre la teoría de las funciones esféricas /
Mención de responsabilidad, etc. Claus Müller.
260 ## - PUBLICACIÓN, DISTRIBUCIÓN, ETC.
Lugar de publicación, distribución, etc. Zaragoza :
Nombre del editor, distribuidor, etc. Seminario Matemático García de Galdeano,
Fecha de publicación, distribución, etc. 1967.
300 ## - DESCRIPCIÓN FÍSICA
Extensión 45 p. ;
Dimensiones 24 cm.
490 1# - MENCIÓN DE SERIE
Mención de serie Publicaciones del Seminario Matemático García de Galdeano ;
Designación de volumen o secuencia 9
594 ## - Nota al título y mención de responsabilidad
Nota al título y mención de responsabilidad Precede al tít.: Consejo Superior de Investigaciones Científicas. Facultad de Ciencias de Zaragoza.
650 #4 - PUNTO DE ACCESO ADICIONAL DE MATERIA--TÉRMINO DE MATERIA
Término de materia o nombre geográfico como elemento de entrada Funciones armónicas.
9 (RLIN) 165917
650 #4 - PUNTO DE ACCESO ADICIONAL DE MATERIA--TÉRMINO DE MATERIA
Término de materia o nombre geográfico como elemento de entrada Funciones esféricas.
9 (RLIN) 165918
830 00 - PUNTO DE ACCESO ADICIONAL DE SERIE-TÍTULO UNIFORME
Título uniforme Publicaciones del Seminario Matemático García de Galdeano
Designación de volumen o secuencia 9
9 (RLIN) 232967
852 ## - LOCALIZACIÓN
Ubicación ES-MaACL
Número de control de estantería 2062-F-28
Sublocalización o colección R.65581
Holdings
Estatus retirado Estado de pérdida Estado de daño No para préstamo Colección Biblioteca de origen Biblioteca actual Ubicación en estantería Fecha de adquisición Fuente de adquisición Total de préstamos Signatura topográfica completa Código de barras Visto por última vez Precio de reemplazo Tipo de ítem Koha
        Colección de folletos Biblioteca del Ateneo de Madrid Biblioteca del Ateneo de Madrid Depósito folletos 17/01/2008     2062-F-28 1113939 23/02/2023 23/02/2023 Folleto